000 01048nam0a22002651 4500
001 v19\rc\2003805
005 20251118181319.1
035 _a(NLR Aleph) 005079107
090 _a7177395
_c7177396
100 _a20080811d1915 u y0rusy50 ca
101 0 _arus
102 _aRU
105 _aa z |||||
200 1 _aСтатика сооружений
_eКонспект по подпор. стенкам
_fС.К. Куницкий, засл. проф. ИИПС
210 _aПетроград
_cСтуд. б-ка ИИПС [Ин-та инж. пут. сообщ.]
_d1915
215 _a79 с.
_cчерт.
_d27
309 _aНапеч. на пиш. маш. Литогр.
700 1 _7ca
_8rus
_aКуницкий
_bС. К.
_cд-р инженерных наук, ж. д.
_f1859–1924
_gСтанислав Константинович
_9206795
_3RU\NLR\AUTH\770206847
801 0 _aRU
_bNLR
_gpsbo
801 0 _aRU
_bRuMoRGB
_2psbo
801 1 _aRU
_bProSoft-M
_2rusmarc
852 _aNLR
_j18.388.3.34
899 _aRuMoRGB
_jA 318/120
942 _cBOOK
980 _aNB